Analýza vplyvu vybraných technologických parametrov vstrekovania na stupeň zmraštenia a deformácie výstreku z PC v programe Cadmould : Diplomová práca
Guardado en:
| Autor principal: | |
|---|---|
| Otros Autores: | |
| Formato: | Manuscrito Libro |
| Lenguaje: | eslovaco |
| Publicado: |
Trnava :
STU v Bratislave MtF KTZS,
2004
|
| Materias: | |
| Etiquetas: |
Sin Etiquetas, Sea el primero en etiquetar este registro!
|
MARC
| LEADER | 00000ntm a22000003a 4500 | ||
|---|---|---|---|
| 001 | stu88675 | ||
| 005 | 20160719154702.2 | ||
| 008 | 040713s2004----xo------------------slo-d | ||
| 040 | |a STU |b slo | ||
| 041 | 0 | |a slo | |
| 044 | |a xo | ||
| 100 | 1 | |a Štetina, Peter |4 aut | |
| 245 | 1 | |a Analýza vplyvu vybraných technologických parametrov vstrekovania na stupeň zmraštenia a deformácie výstreku z PC v programe Cadmould : |b Diplomová práca | |
| 260 | |a Trnava : |b STU v Bratislave MtF KTZS, |c 2004 | ||
| 300 | |a 78 s |c CD | ||
| 650 | 7 | |a technologické zariadenia a systémy |2 stusub | |
| 650 | 7 | |a vstrekovanie |2 stusub | |
| 650 | 7 | |a deformácia |2 stusub | |
| 650 | 7 | |a cadmould |2 estusub | |
| 700 | 1 | |a Horváth, Jozef, |d 1940- |4 xxx |u M240 |U MTF Ústav materiálov |T MTF Katedra nekovových materiálov |X 208 |U M240 |Y M240 |7 A000000208 | |
| 996 | |b 284M059654 |c M*DP-4916 |l MMSKP |s P |a 0 |w stu88675_0001 | ||